Vida y misterio de Jesús de Nazaret
Salvato in:
| Autore principale: | |
|---|---|
| Natura: | Libro |
| Lingua: | spagnolo |
| Pubblicazione: |
Salamanca
Sígueme
1986
|
| Edizione: | 12a. ed |
| Serie: | Nueva Alianza, 103
|
| Soggetti: | |
| Tags: |
Aggiungi Tag
Nessun Tag, puoi essere il primo ad aggiungerne!!
|
MARC
| LEADER | 00000cam a2200000 a 4500 | ||
|---|---|---|---|
| 001 | UCH9089 | ||
| 003 | CL-VaPUC | ||
| 008 | 091224e19860000SP |||||||||||||||||spa|d | ||
| 020 | |a 8430109943o.c | ||
| 020 | |a 8430109935v.1 | ||
| 020 | |a 8430110119v.2 | ||
| 082 | 0 | 4 | |a 232.901 |b MAR |2 21 |
| 100 | |a Martín Descalzo, José Luis |e autor |9 600772 | ||
| 245 | 1 | 0 | |a Vida y misterio de Jesús de Nazaret |
| 250 | |a 12a. ed | ||
| 300 | |a v | ||
| 942 | |c BK | ||
| 945 | |d 20091224 00:00:00 |a rbrito | ||
| 260 | |a Salamanca |b Sígueme |c 1986 | ||
| 500 | |a v.1: Los comienzos | ||
| 500 | |a v.2: El mensaje | ||
| 600 | 0 | |a Jesucristo |9 481811 | |
| 650 | 0 | |a Cristología |9 315091 | |
| 650 | 0 | |a Biografías |9 255210 | |
| 650 | 0 | |a Vida de Jesús |9 478097 | |
| 650 | 7 | |a NASCIMIENTO DE JESUS |2 CL-VaPUC |9 545969 | |
| 583 | |a last modification |c 20150929 10:17:25 |k Rodrigo Vera | ||
| 490 | 0 | |a Nueva Alianza, 103 | |
| 999 | |c 339153 |d 339151 | ||
| 952 | |0 0 |1 0 |4 0 |6 232_901000000000000_MAR_1986 |7 0 |8 A |9 432625 |a BIBTEO |b BIBTEO |d 2019-11-22 |h v.1 |i 4628888 |l 1 |o 232.901 MAR 1986 |p 4628888 |r 2025-01-17 |s 2024-05-03 |w 2019-11-22 |y BK |k ICR | ||
| 952 | |0 0 |1 0 |3 erd |4 0 |6 232_901000000000000_MAR_1986 |7 0 |8 A |9 432626 |a BIBTEO |b BIBTEO |e Rehbein Pesce, Antonio, -2014 |h v.1 |i 5181011 |o 232.901 MAR 1986 |p 5181011 |r 2025-01-17 |w 2019-11-22 |y BK |z Catalogado en:20150728 |k ICR | ||
| 952 | |0 0 |1 0 |3 erd |4 0 |6 232_901000000000000_MAR_1986 |7 0 |8 A |9 432627 |a BIBTEO |b BIBTEO |e Rehbein Pesce, Antonio, -2014 |h v.2 |i 518102K |o 232.901 MAR 1986 |p 518102K |r 2025-01-17 |w 2019-11-22 |y BK |z Catalogado en:20150728 |k ICR | ||